Ciberacoso mediante teléfono móvil e Internet en las relaciones de noviazgo entre jóvenes (Record no. 180941)

MARC details
000 -CABECERA
campo de control de longitud fija 02279nab a2200289 a 4500
005 - FECHA Y HORA DE LA ÚLTIMA TRANSACCIÓN
campo de control 20210219162701.0
008 - ELEMENTOS DE LONGITUD FIJA--INFORMACIÓN GENERAL
campo de control de longitud fija 991125s1985 mx 000 0 spa u
035 ## - NÚMERO DE CONTROL DEL SISTEMA
Número de control de sistema UPN01000208840
049 ## - COLECCIÓN
Colección ART
100 1# - ASIENTO PRINCIPAL--NOMBRE PERSONAL
Nombre de persona Durán Segura, Mercedes
100 1# - ASIENTO PRINCIPAL--NOMBRE PERSONAL
Filiación mduransegura@us.es
100 1# - ASIENTO PRINCIPAL--NOMBRE PERSONAL
Nombre de persona Martínez Pecino, Roberto
100 1# - ASIENTO PRINCIPAL--NOMBRE PERSONAL
Filiación rmpecino@us.es
222 #0 - TÍTULO CLAVE
Título clave COMUNICAR : REVISTA CIENTIFICA DE COMUNICACION Y EDUCACION
245 00 - MENCIÓN DE TÍTULO
Título Ciberacoso mediante teléfono móvil e Internet en las relaciones de noviazgo entre jóvenes
260 ## - PUBLICACIÓN, DISTRIBUCIÓN, ETC.
Lugar de publicación, distribución, etc. Andalucía, España
300 ## - DESCRIPCIÓN FÍSICA
Extensión 159-167
362 0# - FECHAS DE PUBLICACIÓN Y/O DESIGNACIÓN SECUENCIAL
Fecha de publicación y/o designación secuencial 2015 Volumen 22, número 44, enero-junio
520 3# - NOTA DE RESUMEN, ETC.
Sumario, etc. El ciberacoso es un fenómeno ampliamente analizado entre adolescentes, sin embargo en España ha sido poco estudiado entre jóvenes y particularmente en sus relaciones de noviazgo. Empleando una metodología cuantitativa este estudio analiza el ciberacoso mediante el teléfono móvil e Internet en las relaciones de noviazgo en una muestra compuesta por 336 estudiantes universitarios. El análisis de resultados indica que un 57,2% declara haber sido victimizado por su pareja mediante el teléfono móvil, y un 27,4% a través de Internet. El porcentaje de chicos victimizados fue mayor que el de las chicas. Un 47,6% declara haber acosado a su pareja a través del teléfono móvil, y un 14% a través de Internet. El porcentaje de chicos que lo ejerció fue superior al de las chicas. Los análisis de regresión muestran la relación entre haber sido victimizado por la pareja a través de uno de estos medios y el ejercicio del ciberacoso hacia la pareja mediante el mismo medio tecnológico. Los efectos de interacción ponen de manifiesto que los chicos victimizados a través del teléfono móvil o de Internet se implican, en mayor medida que las chicas victimizadas, como agresores en este fenómeno. Los resultados sugieren una modernización en los tipos de violencia que experimenta la juventud en sus relaciones de pareja
653 0# - TERMINO DE INDIZACION - NO CONTROLADO
Término no controlado CIBERBULLYING
653 0# - TERMINO DE INDIZACION - NO CONTROLADO
Término no controlado TELEFONO MOVIL
653 0# - TERMINO DE INDIZACION - NO CONTROLADO
Término no controlado INTERNET
653 0# - TERMINO DE INDIZACION - NO CONTROLADO
Término no controlado ESTUDIANTE UNIVERSITARIO
653 0# - TERMINO DE INDIZACION - NO CONTROLADO
Término no controlado NOVIAZGO
856 4# - LOCALIZACIÓN Y ACCESO ELECTRÓNICOS
Identificador Uniforme del Recurso <a href="https://www.revistacomunicar.com/index.php?contenido=detalles&numero=44&articulo=44-2015-17">https://www.revistacomunicar.com/index.php?contenido=detalles&numero=44&articulo=44-2015-17</a>
905 ## - TIPO DE MATERIAL
Tipo de material Articulo

No items available.